[Event "Gibraltar Chess Festival 2017 - Masters"]
[Site "Gibraltar ENG"]
[Date "2017.01.31"]
[Round "8.42"]
[White "Siva, Mahadevan"]
[Black "Aryan, Chopra"]
[Result "1/2-1/2"]
[WhiteElo "2356"]
[BlackElo "2503"]
[PlyCount "89"]
[EventDate "2017.01.24"]
[EventType "swiss"]
[EventRounds "10"]
[EventCountry "ENG"]
[SourceTitle "Ajedrez en Madrid"]
[Source "lmi"]
[SourceDate "2017.01.24"]

1. e4 e5 2. Nf3 Nc6 3. Bb5 a6 4. Ba4 g6 5. c3 d6 6. d4 Bd7 7. O-O Bg7 8. Re1
Nf6 9. Nbd2 O-O 10. Nf1 b5 11. Bc2 exd4 12. cxd4 Bg4 13. Be3 Nd7 14. Qd2 Bxf3
15. gxf3 Qf6 16. Rad1 Qxf3 17. Qc3 Qg4+ 18. Ng3 Nce5 19. dxe5 Nxe5 20. Kg2 Nf3
21. Qb3 Nxe1+ 22. Rxe1 Qe6 23. Qxe6 fxe6 24. b3 c5 25. Rd1 Rfd8 26. Ne2 Rac8
27. b4 cxb4 28. Bb3 Kf7 29. Nf4 Rc4 30. Bxc4 bxc4 31. Bb6 Rb8 32. Bc7 Rb7 33.
Bxd6 Rd7 34. Rc1 Rxd6 35. Rxc4 Be5 36. Nh3 Rd4 37. Rc6 h6 38. f4 Rd2+ 39. Kg3
Bb2 40. Rxa6 Ba3 41. Ng1 Rxa2 42. Nf3 Ra1 43. Ne5+ Kf8 44. Ra8+ Kg7 45. Ra7+
1/2-1/2

[Event "Gibraltar Chess Festival 2017 - Masters"]
[Site "Gibraltar ENG"]
[Date "2017.01.31"]
[Round "8.43"]
[White "Kollars, Dmitrij"]
[Black "Soumya, Swaminathan"]
[Result "1/2-1/2"]
[WhiteElo "2500"]
[BlackElo "2375"]
[PlyCount "54"]
[EventDate "2017.01.24"]
[EventType "swiss"]
[EventRounds "10"]
[EventCountry "ENG"]
[SourceTitle "Ajedrez en Madrid"]
[Source "lmi"]
[SourceDate "2017.01.24"]

1. e4 c5 2. Nf3 Nc6 3. d4 cxd4 4. Nxd4 e6 5. Nc3 Qc7 6. Be3 a6 7. Qf3 Ne5 8.
Qg3 h5 9. f4 h4 10. Qh3 Nc4 11. Bxc4 Qxc4 12. O-O-O b5 13. Kb1 Bb7 14. f5 Rc8
15. Rhf1 Nf6 16. fxe6 dxe6 17. e5 Ne4 18. Nxe4 Bxe4 19. Rf2 Be7 20. Qg4 Bg6 21.
Qf4 Rh5 22. Rdd2 Bb4 23. Rde2 Bc5 24. Rd2 Bb4 25. Rde2 Bc5 26. Rd2 Bb4 27. Rde2
Bc5 1/2-1/2

[Event "Gibraltar Chess Festival 2017 - Masters"]
[Site "Gibraltar ENG"]
[Date "2017.01.31"]
[Round "8.47"]
[White "Bujnoch, Radek"]
[Black "Javakhishvili, Lela"]
[Result "1/2-1/2"]
[WhiteElo "2233"]
[BlackElo "2455"]
[PlyCount "95"]
[EventDate "2017.01.24"]
[EventType "swiss"]
[EventRounds "10"]
[EventCountry "ENG"]
[SourceTitle "Ajedrez en Madrid"]
[Source "lmi"]
[SourceDate "2017.01.24"]

1. e4 c5 2. c3 d5 3. exd5 Qxd5 4. d4 Nc6 5. Nf3 Bf5 6. Be3 Nf6 7. Na3 cxd4 8.
Bc4 Qa5 9. Nxd4 Nxd4 10. Bxd4 e5 11. Bb5+ Bd7 12. Bxd7+ Nxd7 13. Nc4 Qd5 14.
Qe2 f6 15. O-O Be7 16. Rfe1 O-O 17. Rad1 Qe6 18. b3 b5 19. Nb2 Qc6 20. Be3 Rfd8
21. c4 a6 22. Rd5 Nb6 23. Rxd8+ Bxd8 24. Rd1 bxc4 25. Bxb6 Bxb6 26. Qxc4+ Qxc4
27. Nxc4 Bd4 28. Kf1 Kf7 29. Ke2 Ke6 30. f3 h5 31. h3 Kf5 32. g3 h4 33. Nd6+
Ke6 34. Ne4 f5 35. Ng5+ Kf6 36. f4 hxg3 37. Nf3 Re8 38. Nxd4 exd4+ 39. Kf3 Re3+
40. Kg2 g5 41. Rxd4 gxf4 42. Rxf4 Kg5 43. Rc4 Rd3 44. h4+ Kf6 45. Ra4 Ke5 46.
Ra5+ Ke4 47. Ra4+ Ke5 48. Ra5+ 1/2-1/2

[Event "Gibraltar Chess Festival 2017 - Masters"]
[Site "Gibraltar ENG"]
[Date "2017.01.31"]
[Round "8.49"]
[White "Khademalsharieh, Sarasadat"]
[Black "Mannion, Stephen R"]
[Result "1/2-1/2"]
[WhiteElo "2452"]
[BlackElo "2326"]
[PlyCount "88"]
[EventDate "2017.01.24"]
[EventType "swiss"]
[EventRounds "10"]
[EventCountry "ENG"]
[SourceTitle "Ajedrez en Madrid"]
[Source "lmi"]
[SourceDate "2017.01.24"]

1. d4 d5 2. c4 dxc4 3. e3 e5 4. Bxc4 exd4 5. exd4 Bd6 6. Nf3 Nf6 7. Qe2+ Qe7 8.
Qxe7+ Bxe7 9. O-O Nbd7 10. Re1 Nb6 11. Bb3 c6 12. Nc3 Nfd5 13. a4 a5 14. Bd2
Be6 15. Ng5 Bxg5 16. Bxg5 O-O 17. Ne4 h6 18. Bd2 Nc7 19. Bf4 Bxb3 20. Bxc7 Nd5
21. Be5 f6 22. Bg3 Bc2 23. Nd6 b6 24. Rec1 Nb4 25. Nc4 Rfd8 26. Bd6 Bb3 27.
Bxb4 axb4 28. Nxb6 Ra6 29. Rxc6 Rxd4 30. h3 Rd1+ 31. Rxd1 Bxd1 32. Nd5 Rxa4 33.
Rc8+ Kh7 34. Rc7 Kh8 35. f4 Ra2 36. Nxb4 Rxb2 37. Nd5 Bc2 38. Ne3 Be4 39. Re7
f5 40. g4 g6 41. gxf5 gxf5 42. Re5 Kg7 43. Nxf5+ Bxf5 44. Rxf5 Rb4 1/2-1/2

[Event "Gibraltar Chess Festival 2017 - Masters"]
[Site "Gibraltar ENG"]
[Date "2017.01.31"]
[Round "8.50"]
[White "Galmandakh, Badrakh"]
[Black "Zhukova, Natalia"]
[Result "1/2-1/2"]
[WhiteElo "2215"]
[BlackElo "2447"]
[PlyCount "88"]
[EventDate "2017.01.24"]
[EventType "swiss"]
[EventRounds "10"]
[EventCountry "ENG"]
[SourceTitle "Ajedrez en Madrid"]
[Source "lmi"]
[SourceDate "2017.01.24"]

1. b3 e5 2. Bb2 Nc6 3. e3 g6 4. d4 exd4 5. exd4 Bg7 6. Nf3 Nge7 7. c3 d5 8. Bd3
O-O 9. O-O Bf5 10. Re1 Qd7 11. Ba3 Rfe8 12. Qc2 h6 13. Nbd2 g5 14. Bxe7 Bxd3
15. Qxd3 Rxe7 16. Rxe7 Nxe7 17. Nf1 Ng6 18. Ng3 Nf4 19. Qc2 Re8 20. h3 b6 21.
Re1 Rxe1+ 22. Nxe1 c5 23. dxc5 bxc5 24. Nd3 Qe6 25. Nxf4 Qe1+ 26. Nf1 gxf4 27.
Qf5 Qe4 28. Qxe4 dxe4 29. Nd2 f5 30. f3 Bxc3 31. Nc4 e3 32. Kf1 Kf7 33. Nd6+
Ke6 34. Nb5 Be5 35. Nxa7 Kd5 36. Nb5 c4 37. Na3 cxb3 38. axb3 Kd4 39. Ke2 Kc3
40. Nc4 Bc7 41. g4 Kxb3 42. Nxe3 fxe3 43. gxf5 Kc4 44. Kxe3 Kd5 1/2-1/2

[Event "Gibraltar Chess Festival 2017 - Masters"]
[Site "Gibraltar ENG"]
[Date "2017.01.31"]
[Round "8.61"]
[White "Buchenau, Frank"]
[Black "Sarkar, Justin"]
[Result "1/2-1/2"]
[WhiteElo "2274"]
[BlackElo "2428"]
[PlyCount "97"]
[EventDate "2017.01.24"]
[EventType "swiss"]
[EventRounds "10"]
[EventCountry "ENG"]
[SourceTitle "Ajedrez en Madrid"]
[Source "lmi"]
[SourceDate "2017.01.24"]

1. e4 c5 2. Nf3 Nc6 3. Bb5 g6 4. Bxc6 bxc6 5. O-O Bg7 6. c3 Nf6 7. Re1 O-O 8.
h3 Rb8 9. Qa4 Qc7 10. d3 e5 11. Be3 d6 12. Nbd2 Nd7 13. d4 exd4 14. cxd4 Rxb2
15. Nb3 Nb6 16. Qa5 cxd4 17. Bxd4 Rc2 18. Bxg7 Kxg7 19. Qg5 c5 20. Qe3 Be6 21.
Nfd2 Na4 22. f4 Rc3 23. Qf2 f5 24. exf5 Bxf5 25. Ne4 Rc4 26. Ned2 Rb4 27. Re3
Nb6 28. g4 Bc2 29. Nf3 Bxb3 30. axb3 Rbxf4 31. Qh4 Rxf3 32. Re7+ R8f7 33. Rxc7
Rxc7 34. Qd8 Rd7 35. Qe8 Rdf7 36. Rd1 Rxh3 37. Kg2 Rxb3 38. Rxd6 Nc4 39. Re6
Rb2+ 40. Re2 Rfb7 41. Rxb2 Rxb2+ 42. Kg3 Rb3+ 43. Kf4 Rb7 44. Qe4 Rf7+ 45. Kg3
Nb6 46. Qe5+ Kg8 47. Qe8+ Kg7 48. Qe5+ Kg8 49. Qe8+ 1/2-1/2

[Event "Gibraltar Chess Festival 2017 - Masters"]
[Site "Gibraltar ENG"]
[Date "2017.01.31"]
[Round "8.62"]
[White "Karavade, Eesha"]
[Black "Kantane, Anna"]
[Result "1-0"]
[WhiteElo "2418"]
[BlackElo "2259"]
[PlyCount "115"]
[EventDate "2017.01.24"]
[EventType "swiss"]
[EventRounds "10"]
[EventCountry "ENG"]
[SourceTitle "Ajedrez en Madrid"]
[Source "lmi"]
[SourceDate "2017.01.24"]

1. d4 Nf6 2. c4 c5 3. d5 e6 4. Nc3 exd5 5. cxd5 d6 6. Nf3 g6 7. Bf4 a6 8. a4
Bg7 9. h3 O-O 10. e3 Re8 11. Nd2 Nbd7 12. Be2 Ne5 13. O-O Nfd7 14. Bg3 f5 15.
Qc2 Nf6 16. a5 Qc7 17. Rfc1 Bd7 18. Qb1 b5 19. axb6 Qxb6 20. Bxe5 dxe5 21. Na4
Qb4 22. Qc2 Bb5 23. Bf1 Nxd5 24. Qxc5 Red8 25. Bc4 Bxc4 26. Nxc4 Rac8 27. Qxb4
Nxb4 28. Nab6 Rc6 29. Rd1 Rb8 30. Nd7 Re8 31. b3 e4 32. Ra4 Nd3 33. Ra5 Bc3 34.
Rd5 Bg7 35. f3 Nb2 36. Nxb2 Bxb2 37. fxe4 Rxe4 38. R1d3 Kg7 39. Kf2 f4 40. exf4
Rxf4+ 41. Kg3 Rb4 42. Nc5 h5 43. Kf3 Rf6+ 44. Ke2 Rbf4 45. Kd1 Rf1+ 46. Kc2 Ba3
47. Ne4 Rc1+ 48. Kd2 Rff1 49. Rd7+ Kh6 50. g4 g5 51. Ra7 Bb4+ 52. Ke3 Rfe1+ 53.
Kd4 Rc6 54. Kd5 Rb6 55. Rf3 Rd1+ 56. Ke5 Bd6+ 57. Nxd6 Rdxd6 58. Rff7 1-0

[Event "Gibraltar Chess Festival 2017 - Masters"]
[Site "Gibraltar ENG"]
[Date "2017.01.31"]
[Round "8.63"]
[White "Sanchez Jerez, Emilio Miguel"]
[Black "Kuipers, Stefan"]
[Result "1/2-1/2"]
[WhiteElo "2257"]
[BlackElo "2414"]
[PlyCount "128"]
[EventDate "2017.01.24"]
[EventType "swiss"]
[EventRounds "10"]
[EventCountry "ENG"]
[SourceTitle "Ajedrez en Madrid"]
[Source "lmi"]
[SourceDate "2017.01.24"]

1. d4 d5 2. Nf3 Nf6 3. e3 Bg4 4. c4 c6 5. Qb3 Qb6 6. c5 Qc7 7. Ne5 Nbd7 8. Nxg4
Nxg4 9. Be2 h5 10. Nc3 e5 11. Qd1 g6 12. Bxg4 hxg4 13. Qxg4 exd4 14. exd4 Rxh2
15. O-O Nf6 16. Re1+ Be7 17. Qf3 Rh7 18. Bf4 Qd7 19. Rxe7+ Qxe7 20. Bg5 Kd7 21.
Bxf6 Qe6 22. Ne2 Re8 23. Ng3 Kc8 24. Be5 f5 25. Qf4 Qe7 26. f3 Rh4 27. Qd2 b6
28. b4 Kb7 29. a4 Qh7 30. Rc1 g5 31. b5 f4 32. bxc6+ Ka8 33. cxb6 axb6 34. Qe2
fxg3 35. Qa6+ Qa7 36. Qb5 Qh7 37. Qa6+ Qa7 38. Qxa7+ Kxa7 39. a5 bxa5 40. c7
Kb7 41. Rb1+ Kc6 42. Bxg3 Rhh8 43. Rc1+ Kb6 44. Rb1+ Kc6 45. Rc1+ Kb6 46. Kf2
a4 47. Be5 Rxe5 48. dxe5 Rc8 49. Ra1 Rxc7 50. Rxa4 Re7 51. Ke3 Rxe5+ 52. Kd4
Rf5 53. Ra2 Kc6 54. Ra6+ Kd7 55. Rg6 Ke7 56. Ke3 Kf7 57. Rd6 Ke7 58. Ra6 Re5+
59. Kd4 Rf5 60. Rg6 Kf7 61. Rd6 g4 62. Rxd5 Rxd5+ 63. Kxd5 gxf3 64. gxf3 Kf6
1/2-1/2

[Event "Gibraltar Chess Festival 2017 - Masters"]
[Site "Gibraltar ENG"]
[Date "2017.01.31"]
[Round "8.64"]
[White "De Francesco, Klaus"]
[Black "Shvayger, Yuliya"]
[Result "0-1"]
[WhiteElo "2252"]
[BlackElo "2413"]
[PlyCount "170"]
[EventDate "2017.01.24"]
[EventType "swiss"]
[EventRounds "10"]
[EventCountry "ENG"]
[SourceTitle "Ajedrez en Madrid"]
[Source "lmi"]
[SourceDate "2017.01.24"]

1. d4 Nf6 2. c4 e6 3. Nf3 d5 4. Nc3 c5 5. cxd5 Nxd5 6. e4 Nxc3 7. bxc3 cxd4 8.
cxd4 Bb4+ 9. Bd2 Bxd2+ 10. Qxd2 O-O 11. Be2 b6 12. O-O Bb7 13. Qe3 Nd7 14. Rad1
Rc8 15. Bd3 Qe7 16. e5 h6 17. Nd2 Qg5 18. Qxg5 hxg5 19. Ne4 Bxe4 20. Bxe4 Rc3
21. Rfe1 Rd8 22. Kf1 Kf8 23. Ke2 b5 24. Rb1 a6 25. Rec1 Ra3 26. Rc2 Nb6 27. Rd1
Ra4 28. f3 g6 29. Ke3 Nc4+ 30. Ke2 Kg7 31. Rd3 Rh8 32. h3 Rd8 33. Kf2 Rb4 34.
Ke2 Ra4 35. Kf2 Kh6 36. Ke2 Kh5 37. Kf2 Kh6 38. Ke2 Rb4 39. Kf2 Kh5 40. Ke2 Kh4
41. Kf2 Kh5 42. Ke2 Kh6 43. Kf2 Kh7 44. Ke2 Kg8 45. Kf2 Ra4 46. Ke2 Nb6 47. Ke3
Kf8 48. Rd1 Rd7 49. Rd3 Ke7 50. Rd1 Kd8 51. Rd3 Rc7 52. Re2 Ke7 53. f4 gxf4+
54. Kxf4 Rc1 55. h4 Ra1 56. g4 R4xa2 57. Rxa2 Rxa2 58. Rh3 Nd5+ 59. Kg5 b4 60.
h5 gxh5 61. gxh5 f6+ 62. exf6+ Nxf6 63. Bd3 Rg2+ 64. Kf4 Rg4+ 65. Ke3 Nd5+ 66.
Kd2 Rg2+ 67. Ke1 Nf4 68. Bf1 Nxh3 69. Bxg2 Nf4 70. Bf3 Kf6 71. Kd2 a5 72. Bd1
Nd5 73. Kd3 Kg5 74. Bf3 a4 75. Kc4 b3 76. Be2 b2 77. Bd3 Kxh5 78. Bb1 Kg5 79.
Kd3 Kf4 80. Kc2 a3 81. Kb3 Ke3 82. Bh7 Kd2 83. Kxa3 Kc1 84. Ka2 Nc3+ 85. Kb3
Nb5 0-1

[Event "Gibraltar Chess Festival 2017 - Masters"]
[Site "Gibraltar ENG"]
[Date "2017.01.31"]
[Round "8.66"]
[White "Mihajlov, Sebastian"]
[Black "Gluhovsky, Mark"]
[Result "1/2-1/2"]
[WhiteElo "2384"]
[BlackElo "2263"]
[PlyCount "89"]
[EventDate "2017.01.24"]
[EventType "swiss"]
[EventRounds "10"]
[EventCountry "ENG"]
[SourceTitle "Ajedrez en Madrid"]
[Source "lmi"]
[SourceDate "2017.01.24"]

1. d4 Nf6 2. c4 g6 3. Nc3 Bg7 4. e4 d6 5. Nf3 O-O 6. Be2 Nbd7 7. O-O e5 8. Be3
Re8 9. d5 Nh5 10. g3 Bf8 11. Ne1 Ng7 12. Nd3 f5 13. f3 Nf6 14. Rc1 Be7 15. c5
Nfh5 16. Qd2 f4 17. gxf4 exf4 18. Nxf4 Nxf4 19. Bxf4 dxc5 20. e5 Bh3 21. Rfd1
Nh5 22. Be3 Bf8 23. f4 Qh4 24. Qe1 Be7 25. Qxh4 Bxh4 26. Nb5 Rf8 27. Rc4 Bd8
28. Bxh5 gxh5 29. Bxc5 Rf7 30. Rd3 Rg7+ 31. Rg3 Bg4 32. Kf1 h4 33. Re3 c6 34.
dxc6 Be6 35. Ra4 bxc6 36. Nxa7 Bd5 37. e6 Bc7 38. f5 Rg5 39. Ke1 Bxh2 40. f6
Bxe6 41. Rxh4 Bg3+ 42. Rxg3 Rxg3 43. Nxc6 Rg4 44. Ne7+ Kf7 45. Rxh7+ 1/2-1/2

[Event "Gibraltar Chess Festival 2017 - Masters"]
[Site "Gibraltar ENG"]
[Date "2017.01.31"]
[Round "8.68"]
[White "Derakhshani, Dorsa"]
[Black "Bannink, Bernard"]
[Result "1-0"]
[WhiteElo "2370"]
[BlackElo "2244"]
[PlyCount "133"]
[EventDate "2017.01.24"]
[EventType "swiss"]
[EventRounds "10"]
[EventCountry "ENG"]
[SourceTitle "Ajedrez en Madrid"]
[Source "lmi"]
[SourceDate "2017.01.24"]

1. e4 c5 2. Nf3 e6 3. d4 cxd4 4. Nxd4 Nc6 5. Nc3 Qc7 6. Be2 a6 7. O-O Nf6 8.
Be3 Bb4 9. Na4 Be7 10. Nxc6 bxc6 11. Nb6 Rb8 12. Nxc8 Qxc8 13. Bd4 c5 14. Be5
Rb6 15. Qd3 d6 16. Bc3 O-O 17. b3 Qc6 18. Bf3 Nd7 19. Qd2 Ne5 20. Bxe5 dxe5 21.
Rfd1 Rc8 22. Qd7 Kf8 23. Be2 Rd8 24. Qxc6 Rxc6 25. Rxd8+ Bxd8 26. Rd1 Ke7 27.
Rd3 a5 28. Rg3 g6 29. Kf1 Rd6 30. Ke1 Rd4 31. Re3 Bc7 32. c3 Rd8 33. Bd3 Rb8
34. Re2 Ra8 35. Rd2 Bd6 36. Bb5 Rb8 37. Ba4 Rd8 38. Ke2 Bc7 39. Rb2 h5 40. Bb5
Rb8 41. Ba6 Rb6 42. Bc4 Rd6 43. Bd3 Rd8 44. Rd2 Bb6 45. Kd1 c4 46. Bxc4 Rxd2+
47. Kxd2 Bxf2 48. Be2 Kd6 49. a3 f5 50. Kd3 Kc5 51. Bd1 Be1 52. Bf3 h4 53. h3
g5 54. Kc2 Kb6 55. b4 Kb5 56. Kb3 Kb6 57. c4 Bd2 58. c5+ Kc7 59. b5 f4 60. a4
Be3 61. Kc4 Kd7 62. Bh5 Bf2 63. b6 Kc6 64. Be8+ Kb7 65. Kb5 g4 66. c6+ Kc8 67.
c7 1-0

[Event "Gibraltar Chess Festival 2017 - Masters"]
[Site "Gibraltar ENG"]
[Date "2017.01.31"]
[Round "8.71"]
[White "Bopp, Thomas"]
[Black "Vuilleumier, Alexandre"]
[Result "0-1"]
[WhiteElo "2157"]
[BlackElo "2347"]
[PlyCount "102"]
[EventDate "2017.01.24"]
[EventType "swiss"]
[EventRounds "10"]
[EventCountry "ENG"]
[SourceTitle "Ajedrez en Madrid"]
[Source "lmi"]
[SourceDate "2017.01.24"]

1. Nf3 d6 2. c4 e5 3. g3 f5 4. Bg2 Nf6 5. Nc3 g6 6. O-O Bg7 7. d3 O-O 8. Rb1 a5
9. a3 Nc6 10. b4 axb4 11. axb4 h6 12. b5 Ne7 13. Bb2 Be6 14. Ra1 Qd7 15. Qc2 g5
16. Nd2 Rxa1 17. Rxa1 b6 18. Ra7 h5 19. Na4 Nc8 20. Rb7 Ng4 21. c5 dxc5 22. Nc4
e4 23. Naxb6 Nxb6 24. Nxb6 Qf7 25. Nc4 Bd5 26. Ra7 exd3 27. exd3 Bxg2 28. Kxg2
Qd5+ 29. Kg1 Re8 30. Qd2 Qf3 31. Rxc7 Re2 32. Rxg7+ Kf8 33. Rg8+ Kxg8 34. Qxg5+
Kf7 35. Qxh5+ Ke7 36. Qh7+ Kd8 37. Qh8+ Re8 38. Bf6+ Kd7 39. Qg7+ Ke6 40. Bd4
cxd4 41. Qxd4 Rd8 42. Qb6+ Ke7 43. Qc5+ Ke8 44. Nb2 Qd5 45. Qc3 Qd4 46. Qc2 Kf7
47. h3 Ne5 48. Qe2 Rh8 49. h4 Qd5 50. f4 Nf3+ 51. Kf2 Nd4 0-1

[Event "Gibraltar Chess Festival 2017 - Masters"]
[Site "Gibraltar ENG"]
[Date "2017.01.31"]
[Round "8.73"]
[White "Seraoui, Mohcen"]
[Black "Bellon Lopez, Juan Manuel"]
[Result "0-1"]
[WhiteElo "2100"]
[BlackElo "2339"]
[PlyCount "160"]
[EventDate "2017.01.24"]
[EventType "swiss"]
[EventRounds "10"]
[EventCountry "ENG"]
[SourceTitle "Ajedrez en Madrid"]
[Source "lmi"]
[SourceDate "2017.01.24"]

1. e4 c5 2. Nf3 Nc6 3. d4 cxd4 4. Nxd4 Nf6 5. Nc3 e6 6. Ndb5 Bc5 7. Nd6+ Ke7 8.
Nc4 d6 9. Be3 Bxe3 10. Nxe3 a6 11. Bd3 Qb6 12. Rb1 Rd8 13. O-O Kf8 14. Ng4 Nxg4
15. Qxg4 Bd7 16. Qh3 h6 17. Kh1 e5 18. Nd5 Qa5 19. Qh5 Be6 20. b4 Qxa2 21. Ra1
Qb2 22. Nc7 Rac8 23. Nxe6+ fxe6 24. Qg6 Rc7 25. Qxe6 Re7 26. Rab1 Rxe6 27. Rxb2
Re7 28. b5 axb5 29. Rxb5 Nd4 30. Rd5 g5 31. Rb1 Rc7 32. h3 Ke7 33. c4 Ra8 34.
g3 Ra7 35. Kg2 Rc6 36. Rb2 h5 37. Bf1 g4 38. Rb1 b6 39. Rb2 Ra1 40. hxg4 hxg4
41. Be2 Nxe2 42. Rxe2 Rxc4 43. f3 gxf3+ 44. Kxf3 Rc3+ 45. Kf2 Raa3 46. Rb5 Rf3+
47. Ke1 Ra6 48. Reb2 Rxg3 49. Kf2 Rg4 50. Kf3 Rf4+ 51. Ke3 Rh4 52. Rxb6 Ra3+
53. Kf2 Rxe4 54. Rd2 Rf4+ 55. Ke2 Rf6 56. Rb7+ Ke6 57. Rb8 Raf3 58. Re8+ Kf7
59. Ra8 Rf2+ 60. Ke1 Rxd2 61. Kxd2 Rf3 62. Ke2 Rb3 63. Ra5 Ke6 64. Ra6 e4 65.
Ra5 d5 66. Kd2 Ke5 67. Ke2 Kd4 68. Ra4+ Kc5 69. Ra5+ Kc4 70. Ra2 d4 71. Rc2+
Kd5 72. Ra2 Ke5 73. Kd2 Kf4 74. Ke2 Rh3 75. Ra8 Rh2+ 76. Kd1 Ke3 77. Rg8 Rh1+
78. Kc2 d3+ 79. Kb2 d2 80. Rg3+ Kf4 0-1

[Event "Gibraltar Chess Festival 2017 - Masters"]
[Site "Gibraltar ENG"]
[Date "2017.01.31"]
[Round "8.74"]
[White "Amgalanbaatar, Ravdanlkhumbuu"]
[Black "Mastrovasilis, Athanasios"]
[Result "0-1"]
[WhiteElo "1988"]
[BlackElo "2551"]
[PlyCount "56"]
[EventDate "2017.01.24"]
[EventType "swiss"]
[EventRounds "10"]
[EventCountry "ENG"]
[SourceTitle "Ajedrez en Madrid"]
[Source "lmi"]
[SourceDate "2017.01.24"]

1. e4 c5 2. Nc3 a6 3. f4 b5 4. d3 Bb7 5. Nf3 e6 6. g3 d5 7. e5 Nh6 8. Bg2 Nf5
9. g4 Nh4 10. O-O Nxg2 11. Kxg2 h5 12. g5 Nc6 13. d4 Nxd4 14. Nxd4 cxd4 15. Ne2
d3 16. Nd4 dxc2 17. Qxc2 Rc8 18. Qd3 Rc4 19. g6 f5 20. exf6 Qxf6 21. Be3 Bc5
22. Rad1 Rh6 23. Kh1 Rxg6 24. b3 b4 25. f5 Rg4 26. fxe6 Rcxd4 27. Qh7 Rxd1 28.
Qg8+ Bf8 0-1

[Event "Gibraltar Chess Festival 2017 - Masters"]
[Site "Gibraltar ENG"]
[Date "2017.01.31"]
[Round "8.75"]
[White "Lapusan, Razvan"]
[Black "Reuben, Stewart"]
[Result "0-1"]
[WhiteElo "1525"]
[BlackElo "2076"]
[PlyCount "112"]
[EventDate "2017.01.24"]
[EventType "swiss"]
[EventRounds "10"]
[EventCountry "ENG"]
[SourceTitle "Ajedrez en Madrid"]
[Source "lmi"]
[SourceDate "2017.01.24"]

1. Nf3 c5 2. c4 Nc6 3. e3 Nf6 4. d4 e6 5. Nc3 d5 6. dxc5 Bxc5 7. Be2 O-O 8. O-O
dxc4 9. Bxc4 a6 10. b3 b5 11. Be2 Bb7 12. Bb2 Qe7 13. Qc1 Rac8 14. Qb1 Ba7 15.
Bd3 Nb4 16. Be2 Nbd5 17. Nxd5 Bxd5 18. Be5 Ng4 19. Qb2 Nxe5 20. Qxe5 Rc5 21.
Qg5 Qxg5 22. Nxg5 Bxg2 23. Kxg2 Rxg5+ 24. Kf3 Rd8 25. Rfd1 Rgd5 26. Rxd5 Rxd5
27. Rc1 Bc5 28. e4 Re5 29. b4 Bxb4 30. Rc6 f5 31. exf5 Rxf5+ 32. Kg2 Bc5 33.
Bf3 a5 34. Rxe6 b4 35. Ra6 Bd4 36. Rd6 Bc5 37. Bd5+ Kf8 38. Rd7 Rxf2+ 39. Kg3
Rf6 40. Be4 h5 41. Rd5 Bf2+ 42. Kg2 Bb6 43. Rxh5 Rf2+ 44. Kg3 Rxa2 45. h4 Bc7+
46. Kf3 a4 47. Rh8+ Ke7 48. Rg8 Be5 49. Bc6 b3 50. Bd5 Rh2 51. Kg4 b2 52. Ba2
Rh1 53. Ra8 Ra1 54. Ra7+ Kd6 55. Ra6+ Kc7 56. Rxa4 Rxa2 0-1

[Event "Gibraltar Chess Festival 2017 - Masters"]
[Site "Gibraltar ENG"]
[Date "2017.01.31"]
[Round "8.86"]
[White "Weeramantry, Sunil"]
[Black "Lopez Mulet, Inigo"]
[Result "1/2-1/2"]
[WhiteElo "2129"]
[BlackElo "2304"]
[PlyCount "66"]
[EventDate "2017.01.24"]
[EventType "swiss"]
[EventRounds "10"]
[EventCountry "ENG"]
[SourceTitle "Ajedrez en Madrid"]
[Source "lmi"]
[SourceDate "2017.01.24"]

1. e4 e6 2. d4 d5 3. e5 c5 4. c3 Nc6 5. Nf3 Bd7 6. Be2 Nge7 7. a3 Nf5 8. b4
cxd4 9. cxd4 b5 10. Bb2 a5 11. Nc3 axb4 12. Nxb5 bxa3 13. O-O Rb8 14. Bxa3 Bxa3
15. Rxa3 O-O 16. Na7 Nxa7 17. Rxa7 Bb5 18. Bxb5 Rxb5 19. Qa4 Qb8 20. g4 Rb4 21.
Qa1 Nh6 22. h3 Rb3 23. Kg2 f6 24. Rc1 Rb7 25. Rxb7 Qxb7 26. Qa5 Qf7 27. Rc7 Qg6
28. Qa6 fxe5 29. Nxe5 Qe4+ 30. f3 Qxd4 31. Qxe6+ Kh8 32. Rc8 Qd2+ 33. Kf1 Qd1+
1/2-1/2

[Event "Gibraltar Chess Festival 2017 - Masters"]
[Site "Gibraltar ENG"]
[Date "2017.01.31"]
[Round "8.87"]
[White "Dasaolu, Rotimi"]
[Black "Bergstrom, Rolf"]
[Result "0-1"]
[WhiteElo "2051"]
[BlackElo "2268"]
[PlyCount "124"]
[EventDate "2017.01.24"]
[EventType "swiss"]
[EventRounds "10"]
[EventCountry "ENG"]
[SourceTitle "Ajedrez en Madrid"]
[Source "lmi"]
[SourceDate "2017.01.24"]

1. Nf3 d6 2. d4 Nf6 3. Bg5 Nbd7 4. c4 c5 5. Nc3 Qb6 6. Qd2 h6 7. Be3 e6 8. h3
a6 9. Rc1 Be7 10. g4 Qc7 11. Bg2 cxd4 12. Nxd4 Ne5 13. b3 Bd7 14. Ne4 Rd8 15.
O-O h5 16. g5 Nxe4 17. Bxe4 g6 18. Rfd1 O-O 19. Bg2 Qb8 20. f4 Nc6 21. h4 Rc8
22. Bf2 Rfd8 23. Nxc6 Bxc6 24. Bb6 Rd7 25. e4 Bd8 26. Bd4 Bc7 27. Ba1 Re8 28.
Qc3 e5 29. f5 Qa7+ 30. Kf1 Bb6 31. Qg3 Be3 32. Rc3 Bc5 33. Rcd3 b5 34. Bc3 a5
35. Be1 bxc4 36. bxc4 Qa6 37. Rc1 d5 38. exd5 e4 39. Bxe4 Rxe4 40. dxc6 Rxd3
41. Qxd3 Rf4+ 42. Kg2 Qxc6+ 43. Qd5 Qc8 44. Rd1 Bb6 45. Bg3 Rxf5 46. Qe4 Qc5
47. Re1 Kh7 48. Rb1 a4 49. Rb5 Qg1+ 50. Kh3 Rxb5 51. cxb5 Qf1+ 52. Qg2 Qxb5 53.
Qc2 Qd5 54. Kh2 Qd4 55. Kh3 Qa1 56. Qg2 a3 57. Qd5 Qf1+ 58. Qg2 Qc4 59. Qd2 Bd4
60. Bf4 Bb2 61. Kg2 Qxa2 62. Be5 Qb3 0-1

[Event "Gibraltar Chess Festival 2017 - Masters"]
[Site "Gibraltar ENG"]
[Date "2017.01.31"]
[Round "8.88"]
[White "Agbabishvili, Lali"]
[Black "Plotkin, Victor"]
[Result "0-1"]
[WhiteElo "2095"]
[BlackElo "2253"]
[PlyCount "174"]
[EventDate "2017.01.24"]
[EventType "swiss"]
[EventRounds "10"]
[EventCountry "ENG"]
[SourceTitle "Ajedrez en Madrid"]
[Source "lmi"]
[SourceDate "2017.01.24"]

1. d4 d5 2. c4 e6 3. Nf3 c6 4. Nc3 Nf6 5. e3 Be7 6. Bd3 Nbd7 7. O-O O-O 8. Qc2
dxc4 9. Bxc4 c5 10. dxc5 Bxc5 11. a3 a6 12. b4 Bd6 13. Bb2 b5 14. Be2 Bb7 15.
h3 Rc8 16. Rfd1 Qe7 17. Qd2 Bb8 18. a4 bxa4 19. Nxa4 Rfd8 20. Qe1 Bd6 21. Nc5
Nxc5 22. bxc5 Bxc5 23. Bxa6 Rxd1 24. Qxd1 Rd8 25. Qe2 Bd5 26. Bc4 h6 27. Bxd5
Nxd5 28. Bd4 Bxd4 29. Nxd4 Qf6 30. Qf3 Qxf3 31. Nxf3 Nc3 32. g3 f6 33. Kg2 Ne4
34. Ra4 Nc5 35. Rc4 Nd3 36. Rd4 Rxd4 37. Nxd4 Kf7 38. h4 e5 39. Nf5 h5 40. f3
g6 41. Nd6+ Ke6 42. Ne4 f5 43. Ng5+ Ke7 44. Kf1 Nc5 45. Ke2 Ne6 46. Nh3 Kd6 47.
Nf2 Kd5 48. g4 Nc5 49. gxh5 gxh5 50. Nh3 Ne6 51. Kf2 Nf8 52. Ng5 Ng6 53. e4+
fxe4 54. Nxe4 Kd4 55. Nf6 Nf4 56. Kg3 Ke3 57. Nd7 Ne2+ 58. Kg2 Kd4 59. Nf6 Nf4+
60. Kf2 Kc5 61. Kg3 Kd6 62. Ne4+ Ke6 63. Ng5+ Kf5 64. Ne4 Nd5 65. Nd6+ Kg6 66.
Ne4 Ne3 67. Ng5 Nf5+ 68. Kh3 Kf6 69. Ne4+ Ke7 70. Ng5 Kd6 71. Ne4+ Ke6 72. Ng5+
Kd5 73. Ne4 Kd4 74. Nf6 Ng7 75. Nd7 Ne8 76. Kg3 Kd5 77. Nb6+ Ke6 78. Kh3 Nd6
79. Kg3 Nf5+ 80. Kh3 Ne3 81. Kg3 Kd6 82. Na4 Kd5 83. Nc3+ Kd4 84. Ne4 Nf5+ 85.
Kh3 Ke3 86. Ng5 Kf4 87. Nf7 Nd4 0-1